ბათუმის შოთა რუსთაველის სახელმწიფო უნივერსიტეტის ბიბლიოთეკა

ქართული ხატები და სიწმინდეები / (ბიბ.ჩანაწერი № 59040)

000 -ლიდერი
ფიქსირებული სიგრძის საკონტროლო ველი 01561nam a22002297a 4500
003 - საკონტროლო ნომრის იდენტიფიკატორი
საკონტროლო ველი Ge_BSU
005 - ბოლო ოპერაციის თარიღი და დრო
საკონტროლო ველი 20221104165552.0
008 - ფიქსირებული სიგრძის მონაცემთა ელემენტები - ზოგადი ინფორმაცია
ფიქსირებული სიგრძის საკონტროლო ველი 221104s2019 ge ||||| |||| 00| 0 geo d
020 ## - წიგნის საერთაშორისო სტანდარტული ნომერი
International Standard Book Number 9789941296697
041 ## - ენის კოდი
Language code of text/sound track or separate title geo
080 ## - უნივერსალური ათობითი კლასიფიკაციის ინდექსი
Universal Decimal Classification number 27 ქ-27
100 ## - მთავარი ჩანაწერი - პიროვნების სახელი
Personal name კენკიშვილი, კახაბერ
9 (RLIN) 15755
245 ## - ცნობა სათაურის შესახებ
Title ქართული ხატები და სიწმინდეები /
Statement of responsibility, etc შემდგენელი კახაბერ კენკიშვილი ; სარედაქციო ჯგუფი: სალომე ნიკოლეიშვილი, ლიკა თავართქილაძე, ნინო ბურჯანაძე [და სხვა] ; მხატვარი ლევან სილაგაძე.
264 ## - წარმოების, გამოცემის, დისტრიბუციის და სხვა ცნობები
გამოცემის, წარმოების, დისტრიბუციის... ადგილი თბილისი,
გამოცემის, წარმოების, დისტრიბუციის... თარიღი 2019.
300 ## - ფიზიკური აღწერა
Extent 128 გვ. :
Other physical details ილ. ;
Dimensions 20 სმ.
490 ## - სერიის ცნობა
Series statement მეგზური სიკეთის სამყაროშია / პროექტის ავტორი და რედაქტორი თამარ მამაცაშვილი ; წიგნი 14
653 ## - INDEX TERM--UNCONTROLLED
Uncontrolled term ქართული ხატები
700 ## - ADDED ENTRY--PERSONAL NAME
Personal name მამაცაშვილი, თამარ
Relator term პროექტის ავტორი, რედაქტორი
9 (RLIN) 15756
700 ## - ADDED ENTRY--PERSONAL NAME
Personal name სილაგაძე, ლევან
Relator term მხატვარი
9 (RLIN) 15757
700 ## - ADDED ENTRY--PERSONAL NAME
Personal name ნიკოლეიშვილი,
Relator term სალომე, რედაქტორი
9 (RLIN) 15758
942 ## - ADDED ENTRY ELEMENTS (KOHA)
Source of classification or shelving scheme
Koha item type წიგნი
ეგზემპლარები
ჩამოწერის სტატუსი დაკარგული ეგზემპლარის სტატუსი კლასიფიკაციის წყარო ან თაროზე გაწყობის სქემა დაზიანების სტატუსი არ გაიცემა მუდმივი მდებარეობა (დაცვის ადგილი) ამჟამინდელი ადგილსამყოფელი თაროზე განთავსების ადგილი შეძენის თარიღი ღირებულება, შესყიდვის ნორმალური ფასი სრული შენახვის შიფრი შტრიხკოდი ბოლო ოპერაციის თარიღი ეგზემპლარის მიმდევრობითი ნომერი (კეტერი?) ფასის ძალაში შესვლის თარიღი ეგზემპლარის სახეობა საჯარო შენიშვნა
          ბათუმის შოთა რუსთაველის სახელმწიფო უნივერსიტეტის მთავარი ბიბლიოთეკა ბათუმის შოთა რუსთაველის სახელმწიფო უნივერსიტეტის მთავარი ბიბლიოთეკა წიგნსაცავი 2022-11-04 4.00 27 ქ-27 28875 2022-11-04 28875 2022-11-04 წიგნი 4 ლ.